000 00544cas7a220016900 4500
001 zam00005656
008 951212n xx eng u
022 _a0011183X
035 _a(Sirsi) r22840
050 _aSB183.C7S39
245 _aCROP SCIENCE.
260 _aMadison
_b Crop Science Society of America
_c 1970.
310 _aBi-monthly.
362 _aVol. 10, No. 2, 1970 - Vol. 30, No. 5, 1990.
520 _aIt contains reports on recent developments on crop breeding, genetics, crop physiology and ecology.
650 _aCrops.
999 _c182218
_d182218